| 000 | 00617pam a2200181 i 4500 | ||
|---|---|---|---|
| 005 | 20250901165605.0 | ||
| 008 | 780414s1978 nyu b 001 0 eng | ||
| 010 | _a 78007881 | ||
| 020 |
_a0917724046 : _c$22.00 |
||
| 020 |
_a0917724054 (pbk.) : _c$14.95 |
||
| 050 | 0 | 0 |
_aHV687.5.U5 .B7 1978 _bB7 |
| 082 | 0 | 0 | _a362.1/0973 |
| 100 | 1 | _aBracht, Neil F. | |
| 245 | 1 | 0 |
_aSocial work in health care : _ba guide to professional practice / _cwritten and edited by Neil F. Bracht. |
| 260 |
_aNew York : _bHaworth Press, _cc1978. |
||
| 300 |
_axvii, 346 p. ; _c24 cm. |
||
| 942 |
_2lcc _hHV687.5.U5 .B7 1978 |
||
| 999 |
_c6346 _d6346 |
||